000 00999nas a2200313 4500
001 BR0803598
003 BR-BrBNA
005 20231205112312.0
007 ta
008 230509b bl.|||p| |||| 00| 00por d
040 _aBR-BrBNA
_bpor
_cBiblioteca Nacional de Agricultura
041 _a(Pt)
072 _aH10
100 1 _aMelo, T.L.
100 1 _aCastellani, M.A.
100 1 _aNascimento, M. de L. do
100 1 _aMenezes Junior, A. de O.
100 1 _aFerreira, G.F.P.
100 1 _aLemos, O.L.
245 1 _aComunidades de parasitóides de Leucoptera coffeella (Guérin-Meneville Perrottet, 1842)(Lepidoptera: Lyonettidae)em cafeeiros nas regiões oeste e sudoeste da Bahia
650 _aCAFÉ
650 _aBICHO MINEIRO
650 _aFAUNA
650 _aBIOLOGIA
650 _aBAHIA
773 0 _tCiência e Agrotecnologia (Brazil)
_xISSN 1413-7054
_g(Jul-Aug 2007), v. 31(4) p. 966-972
_wBR0803598
909 _a202311
_bLúcia
_c55
_dLúcia Elande
942 _2AGRIS
_n0
_cANA
999 _c197295
_d197295